[Event "AUTO-INT-130"]
[Site "http://www.queenalice.com/game.php?id=93449"]
[Date "2006.8.7"]
[Round "1"]
[White "CaHeZa"]
[Black "petrossian"]
[Result "0-1"]
[WhiteElo "1393"]
[BlackElo "1748"]

1. e4 e5 2. Qh5 Nc6 3. Bc4 g6 4. Qf3 Qf6 5. Qe2 Bg7 6. b3 Nd4 7. Qd3 Ne7 8. Bb2
Nec6 9. Nf3 Nb4 10. Qc3 Nbxc2+ 11. Kd1 Nxa1 12. Bxa1 Nxf3 13. gxf3 d6 14. Na3 a6
15. Bd5 c6 16. Bc4 Bh3 17. Qb4 Qxf3+ 18. Kc2 Qxe4+ 19. Kb2 Qxh1 20. Qxd6 Rd8 21.
Qc7 O-O 22. Bxf7+ Kh8 0-1

[Event "AUTO-INT-130"]
[Site "http://www.queenalice.com/game.php?id=93450"]
[Date "2006.8.7"]
[Round "1"]
[White "petrossian"]
[Black "CaHeZa"]
[Result "1-0"]
[WhiteElo "1750"]
[BlackElo "1391"]

1. e4 e5 2. Nf3 Nc6 3. Bb5 Nge7 4. O-O d6 5. d4 exd4 6. Nxd4 Bd7 7. Nc3 a6 8.
Be2 Nxd4 9. Qxd4 Nc6 10. Qd1 Qf6 11. Nd5 Qd8 12. Bg5 Ne7 13. c4 f6 14. Bd2 Nxd5
15. cxd5 c6 16. Bg4 Be7 17. Rc1 c5 18. b3 Bb5 19. Re1 Rc8 20. Bxc8 Qxc8 21. Qh5+
g6 22. Qh6 Bf8 23. Qf4 Be7 24. Bc3 1-0

[Event "é nóis dinovo1"]
[Site "http://www.queenalice.com/game.php?id=112065"]
[Date "2006.10.1"]
[Round "-"]
[White "CleoGodoy"]
[Black "CaHeZa"]
[Result "1-0"]
[WhiteElo "1737"]
[BlackElo "1375"]

1. e4 e5 2. Nf3 Nc6 3. Bc4 Bc5 4. d3 Nf6 5. Nc3 Ng4 6. O-O Bxf2+ 7. Kh1 Be3 8.
Ne1 Qh4 9. Bxf7+ Kd8 10. Nf3 Qh6 11. Qe1 Nd4 12. Bxe3 g5 13. Bxg5+ Qxg5 14. Nxg5
b6 15. Qh4 Ne3 16. Ne6# 1-0

[Event "dinovo2"]
[Site "http://www.queenalice.com/game.php?id=112066"]
[Date "2006.10.1"]
[Round "-"]
[White "CaHeZa"]
[Black "CleoGodoy"]
[Result "0-1"]
[WhiteElo "1373"]
[BlackElo "1657"]

1. e4 e5 2. Nf3 Nc6 3. d4 f6 4. dxe5 fxe5 5. Bg5 Nf6 6. Bxf6 gxf6 7. Bb5 Bd6 8.
Bxc6 dxc6 9. O-O Be6 10. Nh4 Qd7 11. Qh5+ Bf7 12. Qh6 Qe6 13. Nf5 O-O-O 14. Qe3
Kb8 15. Nc3 Bb4 16. Ng7 Qg4 17. Nf5 Bxc3 18. Qxc3 Qxe4 19. Ng3 Qg6 20. Rad1 Bxa2
21. b3 Qg4 22. Rxd8+ Rxd8 23. h3 Qe6 24. Qf3 Rd2 25. Rd1 Rd5 26. Rxd5 cxd5 27.
Nh5 f5 28. Ng7 Qc6 29. Nxf5 Qxc2 30. Ne3 Qc1+ 31. Nd1 Qc5 32. Nc3 Bxb3 33. Qh5
Qe7 34. Nd1 Bxd1 35. Qxd1 d4 36. Qg4 Qe8 37. Kf1 a5 38. Qg7 h5 39. Qg5 a4 40.
Qc1 b5 41. Qc5 d3 0-1

[Event "Challenge"]
[Site "http://www.queenalice.com/game.php?id=132867"]
[Date "2006.11.23"]
[Round "-"]
[White "CaHeZa"]
[Black "TomBishop"]
[Result "0-1"]
[WhiteElo "1407"]
[BlackElo "1558"]

1. e4 e5 2. Nf3 Nc6 3. Bb5 d6 4. Bxc6+ bxc6 5. b3 Bg4 6. h3 Bh5 7. g4 Bg6 8. d3
Nf6 9. Bb2 d5 10. exd5 cxd5 11. Bxe5 Bb4+ 12. c3 Be7 13. Bxf6 Bxf6 14. O-O O-O
15. c4 Bxa1 16. h4 f6 17. g5 fxg5 18. Nxg5 Rf6 19. h5 Be8 20. Re1 Bd4 21. Kh1
Bxf2 22. Ne6 Qd6 0-1

[Event "Challenge"]
[Site "http://www.queenalice.com/game.php?id=133394"]
[Date "2006.11.25"]
[Round "-"]
[White "rafaelbdb"]
[Black "CaHeZa"]
[Result "1/2-1/2"]
[WhiteElo "1423"]
[BlackElo "1397"]

1. e4 e5 2. Nc3 d6 3. Nf3 Bg4 4. Be2 Bxf3 5. Bxf3 Nc6 6. O-O Qd7 7. Bg4 Qe7 8.
Nd5 Qd8 9. c3 Nce7 10. Nxe7 Qxe7 11. d4 Nf6 12. Bg5 exd4 13. Qxd4 h6 14. Bxf6
gxf6 15. Rad1 Rg8 16. h3 Bg7 17. Bf5 Rh8 18. Rd3 h5 19. Rfd1 1/2-1/2

[Event "Challenge"]
[Site "http://www.queenalice.com/game.php?id=151638"]
[Date "2007.1.8"]
[Round "-"]
[White "CaHeZa"]
[Black "Delikz"]
[Result "1-0"]
[WhiteElo "1398"]
[BlackElo "1479"]

1. e4 Nf6 2. d3 d6 3. Nf3 Bg4 4. d4 Nxe4 5. Bb5+ c6 6. Be2 e6 7. h3 Bf5 8. Bg5
Qa5+ 9. Nbd2 Qb4 10. b3 Nc3 11. O-O h6 12. a3 Qb6 13. Nc4 Qc7 14. Qd2 Ne4 15.
Qe3 hxg5 16. Nxg5 Nxg5 17. Qxg5 Bxc2 18. b4 b5 19. Ne3 Bb3 20. Rfb1 Ba4 21. Re1
Qb6 22. Qf4 f6 23. Bf3 e5 24. Qe4 d5 25. Qg6+ Ke7 26. Nf5+ Kd8 27. dxe5 Bc2 28.
exf6 gxf6 29. Qxf6+ Kd7 30. Qxh8 Qd8 31. Nd4 a6 32. Bg4+ Kc7 33. Ne6+ Kd7 34.
Nxd8+ Kxd8 35. Qxf8+ Kc7 36. Qe7+ Nd7 37. Qxd7+ Kb6 38. Re7 Rb8 39. Qa7# 1-0

[Event "Ahã1"]
[Site "http://www.queenalice.com/game.php?id=178590"]
[Date "2007.3.8"]
[Round "-"]
[White "CleoGodoy"]
[Black "CaHeZa"]
[Result "1-0"]
[WhiteElo "1783"]
[BlackElo "1417"]

1. c3 b6 2. Nf3 Bb7 3. e3 e6 4. d4 Bxf3 5. Qxf3 Nc6 6. Bd3 Nf6 7. O-O g6 8. Nd2
Qe7 9. Nc4 O-O-O 10. Ne5 Nd5 11. Nxc6 dxc6 12. e4 Nf6 13. Bg5 Bg7 14. e5 1-0

[Event "Ahã2"]
[Site "http://www.queenalice.com/game.php?id=178591"]
[Date "2007.3.8"]
[Round "-"]
[White "CaHeZa"]
[Black "CleoGodoy"]
[Result "0-1"]
[WhiteElo "1415"]
[BlackElo "1836"]

1. e4 e5 2. d3 Nf6 3. Nc3 Nc6 4. Bg5 Be7 5. Bxf6 Bxf6 6. Nf3 d6 7. h3 Be6 8. Qe2
Qd7 9. O-O-O Nd4 10. Qd2 h6 11. Kb1 c5 12. Nxd4 cxd4 13. Ne2 Qa4 14. b3 Qb5 15.
c3 dxc3 16. Qxc3 Rc8 17. Qd2 d5 18. Nc3 Qc6 19. Rc1 O-O 20. h4 Qd7 21. exd5 Bxd5
22. Nxd5 Rxc1+ 23. Qxc1 Qxd5 24. Qc7 e4 25. dxe4 Qxe4+ 26. Kc1 Qe1+ 27. Kc2
Qxf2+ 28. Kb1 Qb2# 0-1

[Event "GreNal 1"]
[Site "http://www.queenalice.com/game.php?id=217994"]
[Date "2007.5.29"]
[Round "-"]
[White "CleoGodoy"]
[Black "CaHeZa"]
[Result "1-0"]
[WhiteElo "1806"]
[BlackElo "1411"]

1. e4 e5 2. Nf3 d6 3. c3 Nf6 4. d4 exd4 5. Qxd4 Nc6 6. Qe3 Bg4 7. Bd3 Qe7 8. O-O
O-O-O 9. Nd4 Nxd4 10. cxd4 g6 11. f3 Bd7 12. Nc3 h5 13. Qf2 Bc6 14. d5 Bd7 15.
Qxa7 1-0

[Event "GreNal 2"]
[Site "http://www.queenalice.com/game.php?id=217995"]
[Date "2007.5.29"]
[Round "-"]
[White "CaHeZa"]
[Black "CleoGodoy"]
[Result "0-1"]
[WhiteElo "1413"]
[BlackElo "1804"]

1. e4 e5 2. Bc4 Nf6 3. Qf3 d6 4. h3 Be6 5. Bxe6 fxe6 6. d3 Nc6 7. Ne2 Be7 8. b3
d5 9. exd5 exd5 10. Bg5 Qd7 11. Na3 Bxa3 12. Bxf6 O-O 13. O-O Rxf6 14. Qh5 Raf8
0-1

[Event "Challenge"]
[Site "http://www.queenalice.com/game.php?id=241717"]
[Date "2007.7.18"]
[Round "-"]
[White "CaHeZa"]
[Black "darkjedi"]
[Result "1/2-1/2"]
[WhiteElo "1413"]
[BlackElo "1551"]

1. e4 c5 2. Bc4 e6 3. e5 Nc6 4. Nf3 d5 5. Bb5 Ne7 6. Ng5 Bd7 7. Qf3 Nxe5 8. Qf4
f6 9. Bxd7+ Qxd7 10. Nf3 Nxf3+ 11. Qxf3 Ng6 12. d3 Bd6 13. c4 d4 14. O-O Qc7 15.
g3 Ne5 16. Qh5+ Qf7 17. Qd1 O-O 18. Nd2 Qd7 19. Nf3 Qc6 20. Nxe5 Bxe5 21. a3 b5
22. cxb5 Qxb5 23. b3 Rab8 24. Rb1 a5 25. a4 Qa6 26. Ba3 Bd6 27. Re1 e5 28. Bc1
Rb7 29. Re2 Rfb8 30. Reb2 Qb6 31. Bd2 Qc6 32. Bxa5 f5 33. Bd2 e4 34. dxe4 fxe4
35. Rc1 Qd5 36. a5 Ra8 37. Qe1 d3 38. b4 cxb4 39. Ra1 Be5 40. Rxb4 Bxa1 41. Rxb7
Qxb7 42. Qxa1 Rb8 43. Qe5 h6 44. Qe6+ Kh8 45. a6 Qb1+ 46. Kg2 Qb2 47. a7 Rg8 48.
Qxe4 Qxd2 49. a8=Q Rxa8 50. Qxa8+ Kh7 51. Qe4+ Kh8 1/2-1/2

[Event "AUTO-INT-627"]
[Site "http://www.queenalice.com/game.php?id=276836"]
[Date "2007.9.25"]
[Round "1"]
[White "kanibal"]
[Black "CaHeZa"]
[Result "1-0"]
[WhiteElo "1602"]
[BlackElo "1409"]

1. Nf3 d5 2. d4 Bg4 3. Ne5 Be6 4. e3 f6 5. Nf3 Bg4 6. h3 Bxf3 7. Qxf3 e5 8. dxe5
fxe5 9. e4 dxe4 10. Qxe4 Nc6 11. Bb5 Ne7 12. O-O a6 13. Bxc6+ Nxc6 14. Nc3 Qf6
15. Nd5 Qd6 16. c4 O-O-O 17. Bg5 Re8 18. Rac1 b6 19. Rcd1 Qe6 20. Nf4 Qf7 21.
Qxc6 Kb8 22. Nd5 Bd6 23. a3 h6 24. Be3 Bc5 25. Nb4 Bxb4 26. axb4 Re6 27. Qd5 c6
28. Qe4 b5 29. cxb5 axb5 30. Rc1 Rc8 31. Qb1 Rd8 32. Bb6 Rd7 33. Qa1 Ra7 34.
Bxa7+ 1-0

[Event "AUTO-INT-627"]
[Site "http://www.queenalice.com/game.php?id=276837"]
[Date "2007.9.25"]
[Round "1"]
[White "CaHeZa"]
[Black "kanibal"]
[Result "1-0"]
[WhiteElo "1418"]
[BlackElo "1577"]

1. e4 e5 2. Nc3 Nf6 3. Bc4 Nc6 4. d3 Bb4 5. Bd2 O-O 6. Nd5 Nxd5 7. Bxd5 Bxd2+ 8.
Qxd2 Nd4 9. c3 Nb5 10. Nf3 c6 11. Bc4 d6 12. Bxb5 cxb5 13. d4 exd4 14. Qxd4 Bg4
15. Nd2 a6 16. h3 Bh5 17. g4 Bg6 18. O-O-O Qa5 19. a3 Rad8 20. f4 f5 21. exf5
Bxf5 22. Qd5+ Be6 23. Qxe6+ Rf7 24. Nb3 Qc7 25. Nd4 Re8 26. Qxe8+ Rf8 27. Qe6+
Rf7 28. Nf5 b4 29. Qe8+ Rf8 30. Ne7+ Qxe7 31. Qxe7 h6 32. axb4 Rxf4 33. Rhf1
Rxf1 34. Rxf1 Kh7 35. Rf8 d5 36. h4 Kg6 37. h5+ Kh7 38. g5 hxg5 39. Qxg5 g6 40.
Qxg6# 1-0

[Event "AUTO-INT-627"]
[Site "http://www.queenalice.com/game.php?id=276852"]
[Date "2007.9.25"]
[Round "1"]
[White "enzoiazo"]
[Black "CaHeZa"]
[Result "1-0"]
[WhiteElo "1997"]
[BlackElo "1419"]

1. d4 d5 2. Nf3 Bg4 3. Ne5 Bh5 4. g4 Bg6 5. h4 h5 6. Nxg6 fxg6 7. Qd3 Qd6 8. g5
Nc6 9. Bh3 Nb4 10. Qb3 c5 11. c3 c4 12. Qxb4 Qc7 13. Qa4+ Qc6 14. Qxc6+ bxc6 15.
Bf4 Kf7 16. Nd2 e6 17. e4 dxe4 18. Nxc4 1-0

[Event "AUTO-INT-627"]
[Site "http://www.queenalice.com/game.php?id=276853"]
[Date "2007.9.25"]
[Round "1"]
[White "CaHeZa"]
[Black "enzoiazo"]
[Result "0-1"]
[WhiteElo "1421"]
[BlackElo "1995"]

1. e4 Nf6 2. Nc3 d5 3. e5 d4 4. exf6 dxc3 5. fxe7 cxd2+ 6. Bxd2 Bxe7 7. Qf3 O-O
8. h3 Bf6 9. O-O-O Qe8 10. Bb4 Qa4 11. Bxf8 Qxa2 12. Ba3 Bg5+ 13. Rd2 Qa1# 0-1

[Event "AUTO-INT-627"]
[Site "http://www.queenalice.com/game.php?id=276862"]
[Date "2007.9.25"]
[Round "1"]
[White "Patizinha"]
[Black "CaHeZa"]
[Result "0-1"]
[WhiteElo "1437"]
[BlackElo "1440"]

1. e4 e5 2. Nf3 d6 3. d4 exd4 4. Nxd4 d5 5. Nf3 Be6 6. Nc3 Bb4 7. Bd2 Nc6 8. Bb5
Qd7 9. Ne5 Qd6 10. Bxc6+ bxc6 11. Nf3 dxe4 12. Nxe4 Qe7 13. O-O O-O-O 14. c3 Ba5
15. Qa4 Bb6 16. Qxc6 Bd5 17. Qa4 Bxe4 18. Nd4 Nf6 19. Rae1 Qc5 20. Bg5 Qd5 21.
f3 Bd3 22. Bxf6 gxf6 23. Rf2 Rhg8 24. Rd2 Qg5 25. Red1 Rde8 26. g3 Qe3+ 27. Kg2
Bg6 28. Qa6+ Kb8 29. Qe2 Qxe2+ 30. Rxe2 Rxe2+ 31. Nxe2 Re8 32. Nf4 Bc2 33. Rd7
Be3 34. Nd5 Bf5 0-1

[Event "AUTO-INT-627"]
[Site "http://www.queenalice.com/game.php?id=276863"]
[Date "2007.9.25"]
[Round "1"]
[White "CaHeZa"]
[Black "Patizinha"]
[Result "0-1"]
[WhiteElo "1417"]
[BlackElo "1628"]

1. e4 e5 2. Nf3 Nc6 3. Bb5 a6 4. Bxc6 dxc6 5. Nxe5 Qd4 6. Nxf7 Kxf7 7. Qh5+ g6
8. Qf3+ Nf6 9. O-O Qxe4 10. Qb3+ Qd5 11. c4 Qc5 12. d3 Bd6 13. Be3 Qe5 14. c5+
Be6 15. Qxb7 Qxh2# 0-1

[Event "Challenge"]
[Site "http://www.queenalice.com/game.php?id=303850"]
[Date "2007.11.14"]
[Round "-"]
[White "Delikz"]
[Black "CaHeZa"]
[Result "0-1"]
[WhiteElo "1431"]
[BlackElo "1401"]

1. e3 d5 2. Nc3 d4 3. exd4 Qxd4 4. h3 Bf5 5. d3 Nc6 6. Nf3 Qd6 7. d4 O-O-O 8. a3
Nf6 9. Nb5 Qe6+ 10. Be3 Nd5 11. Be2 Nxe3 12. fxe3 Qxe3 13. Qc1 Qe4 14. c3 a6 15.
d5 Rxd5 16. Nbd4 Nxd4 17. Nxd4 Qxg2 18. Rf1 Re5 19. Rxf5 Qg3+ 20. Kd2 g6 21.
Rxe5 Bh6+ 22. Kc2 Bxc1 23. Rxc1 Qxe5 24. Re1 Qh2 25. Rf1 e5 26. Kd3 exd4 27.
Rxf7 Re8 28. Bg4+ Kb8 29. Bd7 Qe2+ 30. Kxd4 Re4+ 31. Kd5 Qc4# 0-1

[Event "Challenge"]
[Site "http://www.queenalice.com/game.php?id=329480"]
[Date "2008.1.2"]
[Round "-"]
[White "Delikz"]
[Black "CaHeZa"]
[Result "0-1"]
[WhiteElo "1471"]
[BlackElo "1456"]

1. e3 e5 2. Nf3 e4 3. Nd4 d5 4. Bb5+ Bd7 5. Qh5 Nf6 6. Qe5+ Be7 7. b3 O-O 8. Ba3
Bxa3 9. Nxa3 Re8 10. Qg5 h6 11. Qg3 Nh5 12. Ne6 Bxe6 13. Qe5 Bd7 14. Qxh5 c6 15.
Be2 a6 16. O-O-O c5 17. Qxd5 Nc6 18. Qxc5 Re5 19. Qd6 Rg5 20. g3 Bg4 21. Qxd8+
Rxd8 22. Bxg4 Rxg4 23. h3 Rg6 24. g4 Rf6 25. f4 exf3 26. d4 f2 27. Rhf1 Nb4 28.
Kb2 Rf3 29. c3 Nd5 30. Nc4 f6 31. h4 g5 32. hxg5 hxg5 33. Rc1 f5 34. gxf5 Rxf5
35. e4 Rf3 36. exd5 Rxd5 37. Rc2 Rdf5 0-1